| 000 -LEADER |
| fixed length control field |
00771nam a22001937a 4500 |
| 001 - CONTROL NUMBER |
| control field |
5283 |
| 003 - CONTROL NUMBER IDENTIFIER |
| control field |
BD-DhUAP |
| 005 - DATE AND TIME OF LATEST TRANSACTION |
| control field |
20201116121731.0 |
| 008 - FIXED-LENGTH DATA ELEMENTS--GENERAL INFORMATION |
| fixed length control field |
201116s1999 bg a|||| |||| 00| 0 eng d |
| 020 ## - INTERNATIONAL STANDARD BOOK NUMBER |
| International Standard Book Number |
9847730059 |
| 040 ## - CATALOGING SOURCE |
| Original cataloging agency |
BD-DhUAP |
| Language of cataloging |
Ben |
| Transcribing agency |
BD-DhUAP |
| Modifying agency |
BD-DhUAP |
| 082 ## - DEWEY DECIMAL CLASSIFICATION NUMBER |
| Edition number |
23 |
| Classification number |
930.1095492 HOS |
| 100 ## - MAIN ENTRY--PERSONAL NAME |
| Personal name |
হোসেন, মোঃ মোশারফ। |
| 245 ## - TITLE STATEMENT |
| Title |
চট্রগ্রাম জাতিতাত্ত্বিক জাদুঘর / |
| Statement of responsibility, etc. |
মোঃ মোশারফ হোসেন। |
| 260 ## - PUBLICATION, DISTRIBUTION, ETC. |
| Place of publication, distribution, etc. |
ঢাকা : |
| Name of publisher, distributor, etc. |
প্রত্নতত্ত্ব অধিদপ্তর, |
| Date of publication, distribution, etc. |
c১৯৯৯। |
| 300 ## - PHYSICAL DESCRIPTION |
| Extent |
৩৩ পৃষ্ঠা : |
| Other physical details |
চিত্র ; |
| Dimensions |
২২ সে.মি.। |
| 650 ## - SUBJECT ADDED ENTRY--TOPICAL TERM |
| Topical term or geographic name entry element |
Archeology |
| Geographic subdivision |
Bangladesh. |
| 942 ## - ADDED ENTRY ELEMENTS (KOHA) |
| Source of classification or shelving scheme |
|
| Koha item type |
Book |